Paměti o obraně pevnosti Terezín /

Hlavní autor: Pellegrini, Karl Clemens, Graf, 1720-1796
Další autoři: Hofman, Jiří, Tomas, Petr
Jazyk: Čeština
Vydáno: Praha : DI Print, 2023
Vydání: Vydání 1.
Edice: Lidé a hradby
Témata:
Fyzický popis: 222 stran, 16 nečíslovaných stran obrazových příloh : barevné ilustrace, plány, faksimile ; 24 cm
Language note: Anglické, německé, francouzské a ukrajinské resumé
Knihy
Uloženo v:
LEADER 03414nam a2200817 i 4500
001 nkc20233578376
003 CZ PrNK
005 20240530081209.0
007 ta
008 231214s2023 xr aefhe 000 0acze
015 |a cnb003578376 
020 |a 978-80-909030-0-5  |q (vázáno) 
035 |a (OCoLC)1438776640 
040 |a BOA001  |b cze  |e rda 
041 1 |a cze  |b eng  |b fre  |b ger  |b ukr  |h fre 
043 |a e-it---  |a e-xr---  |b e-xr-us  |2 czenas 
045 |a v-v- 
072 7 |a 355/359  |x Vojenství. Obrana země. Ozbrojené síly  |2 Konspekt  |9 15 
072 7 |a 929  |x Biografie  |2 Konspekt  |9 8 
080 |a 623.12  |2 MRF 
080 |a 355.43  |2 MRF 
080 |a 355.42  |2 MRF 
080 |a 355.133.4  |2 MRF 
080 |a 355.4(091)  |2 MRF 
080 |a 355.081  |2 MRF 
080 |a 929  |2 MRF 
080 |a (437.315)  |2 MRF 
080 |a (450)  |2 MRF 
080 |a (049)  |2 MRF 
080 |a (0:82-94)  |2 MRF 
100 1 |a Pellegrini, Karl Clemens,  |c Graf,  |d 1720-1796  |7 ntk20201073951  |4 aut 
245 1 0 |a Paměti o obraně pevnosti Terezín /  |c překlad francouzsky psaného originálu polního maršála Karla Clemense hraběte Pellegriniho ; překlad textu: Jiří Hofman ; autor ilustrací: Petr Tomas 
250 |a Vydání 1. 
264 1 |a Praha :  |b DI Print,  |c 2023 
300 |a 222 stran, 16 nečíslovaných stran obrazových příloh :  |b barevné ilustrace, plány, faksimile ;  |c 24 cm 
336 |a text  |b txt  |2 rdacontent 
336 |a statický obraz  |b sti  |2 rdacontent 
337 |a bez média  |b n  |2 rdamedia 
338 |a svazek  |b nc  |2 rdacarrier 
490 1 |a Lidé a hradby ;  |v 3 
546 |a Anglické, německé, francouzské a ukrajinské resumé 
600 1 7 |a Pellegrini, Karl Clemens,  |c Graf,  |d 1720-1796  |7 ntk20201073951  |2 czenas 
610 2 7 |a Terezín (pevnost)  |7 kn20020524002  |2 czenas 
648 7 |a 18. století  |7 ch460556  |2 czenas 
650 0 7 |a pevnosti  |7 ph124065  |z Česko  |y 18. století  |2 czenas 
650 0 7 |a vojenská strategie  |7 ph164241  |z Česko  |y 18. století  |2 czenas 
650 0 7 |a vojenská taktika  |7 ph162447  |z Česko  |y 18. století  |2 czenas 
650 0 7 |a vojenské velení  |7 ph127203  |z Česko  |y 18. století  |2 czenas 
650 0 7 |a vojenské dějiny  |7 ph269104  |z Česko  |y 18. století  |2 czenas 
650 0 7 |a maršálové  |7 ph122651  |z Itálie  |y 18. století  |2 czenas 
650 0 9 |a fortresses  |z Czechia  |y 18th century  |2 eczenas 
650 0 9 |a military strategy  |z Czechia  |y 18th century  |2 eczenas 
650 0 9 |a military tactics  |z Czechia  |y 18th century  |2 eczenas 
650 0 9 |a military command  |z Czechia  |y 18th century  |2 eczenas 
650 0 9 |a military history  |z Czechia  |y 18th century  |2 eczenas 
650 0 9 |a marshals  |z Italy  |y 18th century  |2 eczenas 
651 7 |a Terezín (Litoměřice, Česko)  |7 ge131066  |2 czenas 
651 9 |a Terezín (Litoměřice, Czechia)  |2 eczenas 
655 7 |a pojednání  |7 fd133056  |2 czenas 
655 7 |a autobiografické vzpomínky  |7 fd131854  |2 czenas 
655 9 |a essays  |2 eczenas 
655 9 |a autobiographical reminiscences  |2 eczenas 
700 1 |a Hofman, Jiří  |7 xx0256218  |4 edt  |4 trl 
700 1 |a Tomas, Petr  |7 jx20050523015  |4 ill 
830 0 |a Lidé a hradby  |0 s 
910 2 |a BOA001  |b 2-1519.377 
990 |a BK 
995 |a 01 
991 |b 202401  |c NOV 
996 6 |b 2610959421  |c 2-1519.377  |l MZK  |r Sklad / do 1 hodiny  |n 0  |p p.v.  |w 001951082  |u 000010  |a 1  |e BOA001  |j MZK50  |s P 
996 7 |b 2610960790  |c 2-1519.377  |l MZK  |r Sklad / do 1 hodiny  |n 1  |p dar  |w 001951082  |u 000020  |a 1  |e BOA001  |j MZK50  |s A